Video Game Synonyms - Statistics

General Stats
  • This quiz has been taken 12 times
  • The average score is 3 of 12
Answer Stats
Hint Answer % Correct
Excavation Build Minecraft
86%
Doorway Portal
43%
Many-Colors 6 Blockade Rainbow 6 Siege
43%
Boat Raft
29%
Gloom from Barad-dûr Shadow of Mordor
29%
Blimp Tall-Building Protect Bloons Tower Defense
14%
Gasp from every vicious Breath of the Wild
14%
Cultivation Revolt Civilization Revolution
0%
Computerized Bully Cyber Punk
0%
Lawn Battle 2 Garden Warfare 2
0%
Above Ledge Skyrim
0%
Earth from Battleship World of Warcraft
0%
No matching quizzes found
Score Distribution
Percent of People with Each Score
Percentile by Number Answered
Your Score History
You have not taken this quiz